|
|
|
|
| LEADER |
01088nam a2200241 a 4500 |
| 001 |
29212 |
| 003 |
BD-DhAAL |
| 005 |
20231010104925.0 |
| 008 |
150510s2010 bg 000 1 ben d |
| 020 |
|
|
|a 9847034302004
|
| 040 |
|
|
|a BD-DhAAL
|c BD-DhAAL
|
| 082 |
0 |
0 |
|a 891.4417
|2 20
|
| 100 |
2 |
|
|a গঙ্গোপাধ্যায়, সুনীল।
|9 8779
|
| 245 |
0 |
0 |
|a নির্বাচিত ২০০ কবিতা /
|c সুনীল গঙ্গোপাধ্যায়
|
| 260 |
|
|
|a ঢাকা :
|b বিভাস,
|c ২০১০.
|
| 300 |
|
|
|a ১৯২ পৃ. ;
|c ২৩ সে.মি.
|
| 541 |
1 |
|
|e 29212
|
| 600 |
1 |
0 |
|a Gangopadhyaya, Sunil (গঙ্গোপাধ্যায়, সুনীল)
|9 10919
|
| 650 |
|
0 |
|a Bengali poetry.
|9 6008
|
| 852 |
4 |
|
|a Ayesha Abed Library
|j General Shelf
|
| 942 |
|
|
|2 ddc
|c BK
|
| 999 |
|
|
|c 34374
|d 34374
|
| 952 |
|
|
|0 0
|1 0
|2 ddc
|4 0
|6 891_441700000000000_GAN
|7 0
|9 53672
|a BRACUL
|b BRACUL
|c GEN
|d 2015-05-10
|e BRAC Institute of Language (BIL)
|l 1
|o 891.4417 GAN
|p 3010029212
|r 2023-06-19
|s 2023-06-11
|t 1
|w 2015-05-10
|y BK
|x Transferred from BIL to BRACUL on 06/06/22
|